Normal view
MARC view
Entry Personal Name
001 - CONTROL NUMBER
- control field: 856249
003 - CONTROL NUMBER IDENTIFIER
- control field:
005 - DATE AND TIME OF LATEST TRANSACTION
- control field: 20210627084103.0
008 - FIXED-LENGTH DATA ELEMENTS
- fixed length control field: 210627|| aca||aabn | a|a d
040 ## - CATALOGING SOURCE
- Original cataloging agency:
- Transcribing agency:
100 ## - HEADING--PERSONAL NAME
- Personal name: Singh, T. D.
- Fuller form of name: (Thoudam Damodara),
- Dates associated with a name: 1941-
670 ## - SOURCE DATA FOUND
- Source citation: Work cat.: ()739260: Bhaktivedanta, A. C., Swami Prabhupada, 1896-1977 812682, Life comes from life :, 2009
